[Event "Mechanics' Winter TNM; 30/90, SD/30"]
[Site "San Francisco"]
[Date "2015.01.27"]
[Round "4.21"]
[White "Cohee, James"]
[Black "Askin, Michael"]
[Result "0-1"]
[WhiteElo "1660"]
[BlackElo "2103"]
[PlyCount "110"]
[EventDate "2015.??.??"]

1. Nf3 d5 2. g3 Nf6 3. Bg2 Bg4 4. O-O e6 5. d4 Nbd7 6. c4 c6 7. Nc3 dxc4 8. a4
Bxf3 9. Bxf3 Bb4 10. Qc2 a5 11. Rd1 Nb6 12. e4 O-O 13. Bg5 h6 14. Be3 Qc7 15.
Qc1 Rfd8 16. e5 Nfd5 17. Bxh6 gxh6 18. Qxh6 Nxc3 19. bxc3 Bf8 20. Qg5+ Bg7 21.
h4 Nd5 22. h5 Qe7 23. Qg4 f5 24. exf6 Qxf6 25. Re1 Qf5 26. h6 Qxg4 27. Bxg4
Bxh6 28. Rxe6 Bg7 29. Rb1 Rab8 30. Rc1 Rf8 31. Kg2 Rf6 32. f4 Kf8 33. Rxf6+
Bxf6 34. Be6 b5 35. Bxd5 cxd5 36. axb5 Rxb5 37. Ra1 Bd8 38. Re1 a4 39. Ra1 Ra5
40. Kf3 a3 41. Kg4 Be7 42. Kf5 Kf7 43. g4 Bd6 44. g5 Ra8 45. g6+ Ke7 46. Re1+
Kf8 47. Ke6 $2 Bxf4 $2 48. Kxd5 a2 49. Ra1 Bc1 50. Rxc1 a1=Q 51. Rxa1 Rxa1 52.
Kxc4 Ke7 53. Kd5 Rg1 54. g7 Kd7 55. c4 Rg5+ 0-1

[Event "Mechanics' Summer TNM; G/2"]
[Site "San Francisco"]
[Date "2015.06.30"]
[Round "6.21"]
[White "Cohee, James"]
[Black "Brown, David G"]
[Result "1/2-1/2"]
[WhiteElo "1674"]
[BlackElo "1923"]
[Annotator "Donaldson"]
[PlyCount "106"]
[EventDate "2015.??.??"]

1. e4 e5 2. Nf3 Nc6 3. d4 exd4 4. Nxd4 Nf6 5. Nxc6 (5. Nc3) 5... bxc6 6. Bd3
Be7 7. O-O O-O 8. b3 c5 9. Bb2 a5 10. Qe2 d6 11. Nd2 c6 12. Rae1 Re8 13. h3 a4
14. Ra1 a3 15. Bc1 Nd7 16. Nf3 Bf6 17. Rb1 d5 18. Re1 Ne5 19. Nxe5 Bxe5 20. Qh5
Bc3 21. Rd1 g6 22. Qf3 dxe4 23. Bxe4 Bd7 24. Bxc6 Bxc6 25. Rxd8 Bxf3 26. Rxe8+
Rxe8 27. Bxa3 (27. gxf3 Re1+ 28. Kg2 Bd2) 27... Be4 28. Bxc5 Bxc2 29. Rc1 Re1+
30. Rxe1 Bxe1 31. b4 Bd3 32. a4 f5 33. b5 Kf7 34. b6 Ba6 35. Kh2 Ke6 36. Kg3
Kd5 37. Be3 Kc6 38. Kh4 Bc3 39. Kg5 Bg7 40. h4 Kd7 41. h5 gxh5 42. Kxf5 h4 43.
Kg5 Ke6 44. Kxh4 Kd5 45. Kg5 Kc4 46. a5 Bc3 47. Kh6 Bxa5 48. Kxh7 Kb5 49. f4
Kc6 50. f5 Bc3 51. g4 Kd6 52. g5 Ke7 53. f6+ Bxf6 1/2-1/2

[Event "Mechanics' Winter TNM; 30/90, SD/30"]
[Site "San Francisco"]
[Date "2015.01.13"]
[Round "2.35"]
[White "Cohee, James"]
[Black "Cole, Tony"]
[Result "1-0"]
[WhiteElo "1660"]
[BlackElo "1400"]
[Annotator "Donaldson"]
[PlyCount "65"]
[EventDate "2015.??.??"]

1. d4 d5 2. c4 Nf6 $2 3. cxd5 Qxd5 $2 (3... Nxd5 4. e4 $6 (4. Nf3 {
followed by e4 gives White the advantage.}) 4... Nf6 5. Nc3 e5) 4. Nc3 Qf5 5.
Nf3 e6 6. e3 Bd6 7. Bd3 Qh5 8. O-O O-O 9. e4 e5 10. dxe5 Bxe5 11. Nxe5 Qxe5 12.
Qe2 Nc6 13. Be3 Bg4 14. f3 Bh5 15. Rad1 a6 16. Qf2 Rad8 17. Bb1 Rxd1 18. Rxd1
h6 19. a3 b5 20. Qc2 Bg6 21. Ne2 Na5 22. Ba2 Nb7 23. Bd4 Qe7 24. Nf4 Rd8 $2 25.
Nxg6 Qd7 26. Ne5 Qc8 27. Nxf7 Kh7 28. Nxd8 Qxd8 29. Bxf6 Qxf6 30. e5+ Qg6 31.
Bg8+ Kxg8 32. Qxg6 Kf8 33. Rd7 1-0

[Event "Mechanics' Spring TNM; G/2"]
[Site "San Francisco"]
[Date "2015.03.31"]
[Round "3.15"]
[White "Cohee, James"]
[Black "Fuentes, Romulo"]
[Result "0-1"]
[WhiteElo "1653"]
[BlackElo "2225"]
[PlyCount "54"]
[EventDate "2015.??.??"]

1. d4 Nf6 2. c4 e6 3. g3 c5 4. Nf3 b6 5. Bg2 Bb7 6. O-O cxd4 7. Nxd4 Bxg2 8.
Kxg2 Qc7 9. b3 Be7 10. Ba3 Bxa3 11. Nxa3 a6 12. Rc1 Nc6 13. e3 O-O 14. Qf3 Ne5
15. Qe2 Rfc8 16. f3 Qb7 17. Nb1 Rc5 18. Nd2 Rac8 19. b4 R5c7 20. N2b3 Nxc4 21.
e4 d6 22. Nd2 Ne3+ 23. Qxe3 Rxc1 24. Rxc1 Rxc1 25. e5 dxe5 26. Qxe5 Qc7 27.
Qxc7 Rxc7 0-1

[Event "Mechanics' Summer TNM; G/2"]
[Site "San Francisco"]
[Date "2015.07.14"]
[Round "8.12"]
[White "Cohee, James"]
[Black "Hakobyan, Sos"]
[Result "1/2-1/2"]
[WhiteElo "1674"]
[BlackElo "1873"]
[PlyCount "117"]
[EventDate "2015.??.??"]

1. e4 e6 2. d3 d5 3. Nd2 Nc6 4. Ngf3 dxe4 5. dxe4 a6 6. g3 e5 7. Bg2 h6 8. O-O
Nf6 9. c3 Bg4 10. Re1 Qd7 11. Qc2 g5 12. Nc4 Bxf3 13. Bxf3 b5 14. Rd1 Qe6 15.
Ne3 Ne7 16. Nf5 Rb8 17. Be3 Nc8 18. a4 Rh7 19. axb5 axb5 20. Be2 Nd6 21. Nxd6+
Bxd6 22. c4 bxc4 23. Bxc4 Qg4 24. Bd5 Kf8 25. Bc5 Qh3 26. f3 Ne8 27. Ra8 Rxa8
28. Bxa8 Qh5 29. Bxd6+ cxd6 30. Qd3 Qg6 31. Bd5 Qf6 32. b4 Qd8 33. Kg2 h5 34.
g4 hxg4 35. fxg4 Qc8 36. h3 Nf6 37. Qf3 Qc2+ 38. Kg3 Nxd5 39. Rxd5 Qc1 40. Rxd6
Qe1+ 41. Kg2 Qxb4 42. Rf6 Qd2+ 43. Kg3 Qe1+ 44. Qf2 Qxe4 45. Rf5 Qd3+ 46. Rf3
Qd6 47. Re3 Rh6 48. Kg2 Rf6 49. Qe2 Qd5+ 50. Kg3 Re6 51. Rd3 Qh1 52. Qe3 f6 53.
Rb3 Ra6 54. Qc5+ Kf7 55. Rb7+ Kg6 56. Rg7+ Kxg7 57. Qe7+ Kh6 58. Qf8+ Kh7 59.
Qf7+ 1/2-1/2

[Event "Mechanics' Spring TNM; G/2"]
[Site "San Francisco"]
[Date "2015.04.28"]
[Round "7.24"]
[White "Cohee, James"]
[Black "Lamstein, Joshua"]
[Result "1/2-1/2"]
[WhiteElo "1653"]
[BlackElo "1413"]
[PlyCount "75"]
[EventDate "2015.??.??"]

1. d4 Nf6 2. c4 e6 3. g3 Be7 4. Bg2 c6 5. Nf3 d5 6. O-O O-O 7. Nbd2 Nbd7 8. Qc2
c5 9. cxd5 Nxd5 10. Nb3 cxd4 11. Nfxd4 N7f6 12. Rd1 Bd7 13. e4 Rc8 14. Qe2 Nb6
15. Bf4 Nc4 16. e5 Nd5 17. Rac1 Nxf4 18. gxf4 Nb6 19. Bxb7 Rxc1 20. Rxc1 Nd5
21. Bxd5 exd5 22. Nc6 Bxc6 23. Rxc6 Qd7 24. Nd4 Rd8 25. Qf3 Qb7 26. b3 Qb4 27.
Nf5 Bc5 28. Nd6 h6 29. Kg2 Bxd6 30. exd6 Rxd6 31. Rxd6 Qxd6 32. Kg3 g6 33. h4
Kg7 34. Qd3 d4 35. Kf3 f5 36. a4 Kf6 37. Qd2 Qd5+ 38. Ke2 1/2-1/2

[Event "Mechanics' Winter TNM; 30/90, SD/30"]
[Site "San Francisco"]
[Date "2015.02.10"]
[Round "6.22"]
[White "Cohee, James"]
[Black "Maser, Thomas"]
[Result "1/2-1/2"]
[WhiteElo "1660"]
[BlackElo "1921"]
[PlyCount "74"]
[EventDate "2015.??.??"]

1. d4 Nf6 2. c4 e6 3. Nc3 Bb4 4. e3 O-O 5. Nge2 d5 6. a3 Be7 7. Ng3 a5 8. cxd5
exd5 9. Bd3 Re8 10. O-O g6 11. Bd2 b6 12. Rc1 Ba6 13. Qc2 c5 14. dxc5 bxc5 15.
Bxa6 Nxa6 16. Rfd1 Bd6 17. Be1 Nc7 18. Na4 Qe7 19. Nxc5 Ng4 20. Qe2 Qh4 21. h3
Nxe3 22. fxe3 Bxg3 23. Qf3 Bxe1 24. Rxe1 Re7 25. Qf4 Qxf4 26. exf4 Rae8 27. Kf2
Ne6 28. Nxe6 fxe6 29. Rc5 Ra8 30. Rxd5 Kf7 31. Rb5 Rc7 32. Ree5 Rd8 33. Rxa5
Rd2+ 34. Re2 Rxe2+ 35. Kxe2 Rc2+ 36. Kf3 Rxb2 37. Ra7+ Kf6 1/2-1/2

[Event "Mechanics' Summer TNM; G/2"]
[Site "San Francisco"]
[Date "2015.06.16"]
[Round "4.19"]
[White "Cohee, James"]
[Black "Maser, Thomas F"]
[Result "0-1"]
[WhiteElo "1674"]
[BlackElo "1900"]
[PlyCount "86"]
[EventDate "2015.??.??"]

1. d4 Nf6 2. c4 e6 3. g3 c5 4. d5 exd5 5. cxd5 d6 6. Bg2 b5 7. Nh3 g6 8. O-O
Bg7 9. Re1 O-O 10. e4 Re8 11. Qc2 Bxh3 12. Bxh3 Nxd5 13. Bd2 Nc7 14. Bc3 Nc6
15. Bxg7 Kxg7 16. Nd2 Qf6 17. Bg2 Rad8 18. Rad1 Ne6 19. Nf3 b4 20. b3 Ncd4 21.
Nxd4 Nxd4 22. Qc4 Re7 23. Re3 Rde8 24. Red3 Qe6 25. Rxd4 cxd4 26. Qxd4+ Qe5 27.
Qxb4 Rc7 28. Bf3 Re6 29. Qd4 Qxd4 30. Rxd4 Rf6 31. Rd3 Kf8 32. a4 a5 33. h4 Ke7
34. Kg2 Re6 35. Re3 Re5 36. Be2 Rc2 37. Bc4 f5 38. Bd5 Kf6 39. Rf3 Rd2 40. g4
Ke7 41. gxf5 gxf5 42. Re3 fxe4 43. Bxe4 d5 0-1

[Event "Mechanics' Spring TNM; G/2"]
[Site "San Francisco"]
[Date "2015.04.14"]
[Round "5.36"]
[White "Cohee, James"]
[Black "Robertson, Guy"]
[Result "1/2-1/2"]
[WhiteElo "1653"]
[BlackElo "1437"]
[PlyCount "135"]
[EventDate "2015.??.??"]

1. d4 Nf6 2. c4 g6 3. g3 d6 4. Bg2 Bg7 5. Nf3 O-O 6. Nc3 Nbd7 7. O-O e5 8. e4
c6 9. Re1 a6 10. a4 Qc7 11. h3 Rb8 12. Be3 Re8 13. d5 cxd5 14. cxd5 b6 15. Rc1
Qd8 16. b4 h5 17. Bg5 a5 18. Nb5 Qe7 19. Nd2 axb4 20. Nc4 Nc5 21. Ncxd6 Rd8 22.
Nc4 Qe8 23. Qe2 Nxa4 24. Ncd6 Qf8 25. Rc7 Rxd6 26. Nxd6 Qxd6 27. Rc6 Qe7 28.
Qf3 Be6 29. dxe6 fxe6 30. Qb3 Nc5 31. Qxb4 Qb7 32. Qb5 Nfd7 33. h4 Ra8 34. Rd6
Ra5 35. Qc6 Qxc6 36. Rxc6 b5 37. Bh3 Kf7 38. Be3 b4 39. Bxc5 Nxc5 40. Rb1 b3
41. Rb6 Bf8 42. Bf1 Nxe4 43. R6xb3 Bc5 44. Rf3+ Ke7 45. Rb7+ Kd6 46. Rff7 Bxf2+
47. Rxf2 Nxf2 48. Kxf2 Ra2+ 49. Kg1 e4 50. Bc4 Ra1+ 51. Kf2 e5 52. Rg7 Kc5 53.
Be2 Kd4 54. Rxg6 e3+ 55. Kf3 e4+ 56. Kf4 Re1 57. Bxh5 Rf1+ 58. Kg5 Rf3 59. Rd6+
Ke5 60. Rd1 Rxg3+ 61. Kh6 Rg2 62. Re1 Kf4 63. Bd1 Rg3 64. h5 Ke5 65. Kh7 Kd4
66. Bc2 Kc3 67. Bxe4 Kd2 68. Rb1 1/2-1/2

[Event "Mechanics' Summer TNM; G/2"]
[Site "San Francisco"]
[Date "2015.06.02"]
[Round "2.16"]
[White "Cohee, James"]
[Black "Wong, Russell"]
[Result "0-1"]
[WhiteElo "1674"]
[BlackElo "2200"]
[PlyCount "68"]
[EventDate "2015.??.??"]

1. d4 c5 2. d5 d6 3. Nc3 e5 4. e4 Be7 5. Bd3 a6 6. a4 Bg5 7. Nf3 Bxc1 8. Qxc1
Nh6 9. h3 O-O 10. O-O Nd7 11. Qg5 f6 12. Qe3 Re8 13. Nd2 Nf8 14. Nc4 g5 15. g4
Ng6 16. Ne2 Kh8 17. Qg3 Nf7 18. a5 Nf4 19. Nxf4 exf4 20. Qf3 Bd7 21. Nb6 Ne5
22. Qd1 Rb8 23. Nxd7 Qxd7 24. f3 h5 25. Be2 Kg7 26. Kf2 Rh8 27. Rh1 Rh6 28. Qg1
Rbh8 29. Qg2 c4 30. Qf1 Qb5 31. b3 Qc5+ 32. Kg2 hxg4 33. fxg4 Qe3 34. Qf2 Qxe4+
0-1

[Event "Mechanics' Winter TNM; 30/90, SD/30"]
[Site "San Francisco"]
[Date "2015.01.06"]
[Round "1.30"]
[White "Cole, Tony"]
[Black "Flores, David"]
[Result "0-1"]
[WhiteElo "1400"]
[BlackElo "1818"]
[PlyCount "60"]
[EventDate "2015.??.??"]

1. e4 e5 2. Nf3 Nc6 3. Nc3 Nge7 4. Bc4 h6 5. d3 d6 6. a3 Bd7 7. h3 Ng6 8. Be3
Be7 9. Qd2 a6 10. Nd5 b5 11. Ba2 Nh4 12. Nxh4 Bxh4 13. O-O-O Nd4 14. Kb1 c6 15.
Bxd4 cxd5 16. Bxd5 exd4 17. Bxa8 Qxa8 18. Qf4 Be7 19. e5 Qd5 20. exd6 Be6 21.
d7+ Kxd7 22. b3 Bxa3 23. Rde1 Bd6 24. Qh4 Qc5 25. Qe4 Rc8 26. Rc1 Rc7 27. Rhe1
Qc3 28. Ka2 a5 29. Rb1 a4 30. Rec1 axb3+ 0-1

[Event "Mechanics' Spring TNM; G/2"]
[Site "San Francisco"]
[Date "2015.04.07"]
[Round "4.23"]
[White "Cole, Tony"]
[Black "Hakobyan, Sos"]
[Result "1-0"]
[WhiteElo "1487"]
[BlackElo "1885"]
[PlyCount "53"]
[EventDate "2015.??.??"]

1. e4 g6 2. Nf3 Bg7 3. d4 d6 4. Bc4 Nc6 5. Nc3 a6 6. Be3 e6 7. O-O Nge7 8. Qd2
h6 9. a3 b5 10. Bd3 Bb7 11. Rab1 Qd7 12. Rfe1 g5 13. d5 Ne5 14. Nd4 exd5 15.
Nxd5 Bxd5 16. exd5 O-O 17. Bxg5 hxg5 18. Qxg5 f6 19. Qh5 Nxd3 20. cxd3 Qe8 21.
Qg4 f5 22. Qg5 Rf6 23. Nc6 Kf8 24. Nxe7 Qf7 25. Rbc1 Bh6 26. Qh4 Ra7 27. Rc6 {
score is already nonsensical} 1-0

[Event "Mechanics' Spring TNM; G/2"]
[Site "San Francisco"]
[Date "2015.03.17"]
[Round "1.15"]
[White "Cole, Tony"]
[Black "Klinetobe, David"]
[Result "0-1"]
[WhiteElo "1487"]
[BlackElo "2008"]
[PlyCount "82"]
[EventDate "2015.??.??"]

1. e4 e6 2. Nf3 d5 3. exd5 exd5 4. d4 Nc6 5. h3 Bd6 6. Nc3 Nf6 7. Bg5 Be6 8.
Bd3 h6 9. Bh4 g5 10. Bg3 Bxg3 11. fxg3 Qd6 12. Ne2 O-O-O 13. Qd2 Ne4 14. Bxe4
dxe4 15. Nh2 Nxd4 16. O-O-O Nxe2+ 17. Qxe2 Qc6 18. Kb1 Qc4 19. Qxc4 Rxd1+ 20.
Rxd1 Bxc4 21. Rd4 Rd8 22. Rxd8+ Kxd8 23. b3 Be6 24. Kc1 Ke7 25. Kd2 Kd6 26. Ke3
Ke5 27. c4 f5 28. Kd2 Kd4 29. Nf1 f4 30. gxf4 gxf4 31. Ke2 Bf5 32. Nd2 Bg6 33.
Kd1 Kd3 34. Kc1 Bh5 35. Nf1 e3 36. g4 e2 37. Nh2 e1=Q+ 38. Kb2 Qc3+ 39. Ka3 Be8
40. Nf3 a5 41. h4 Qc1# 0-1

[Event "Mechanics' Spring TNM; G/2"]
[Site "San Francisco"]
[Date "2015.04.21"]
[Round "6.26"]
[White "Cole, Tony"]
[Black "Lin, Aung"]
[Result "0-1"]
[WhiteElo "1487"]
[BlackElo "1735"]
[PlyCount "88"]
[EventDate "2015.??.??"]

1. e4 c5 2. Nc3 Nc6 3. Nf3 d6 4. Bc4 Nf6 5. d3 Bg4 6. h3 Bh5 7. g4 Bg6 8. Nh4
e6 9. Bg5 Be7 10. Nxg6 hxg6 11. Bb5 Qb6 12. b3 Qa5 13. Bd2 Nd7 14. Nd5 Qd8 15.
Ne3 Nd4 16. Bxd7+ Qxd7 17. c3 Nc6 18. Qc2 Bh4 19. Ng2 Qe7 20. Be3 Bf6 21. O-O-O
O-O-O 22. f4 g5 23. Qb2 gxf4 24. Bxf4 g5 25. Be3 Rh7 26. Rdf1 Rdh8 27. d4 Rxh3
28. Rxh3 Rxh3 29. e5 dxe5 30. dxc5 Rh2 31. Rg1 Bg7 32. b4 e4 33. Qd2 Qf6 34.
Kc2 Rh3 35. b5 Ne7 36. c6 bxc6 37. Bd4 Qg6 38. Ne3 Nd5 39. Re1 c5 40. Bxg7 Qxg7
41. Nxd5 exd5 42. Re2 Rd3 43. Qe1 Qe5 44. Qg1 c4 {...} 0-1

[Event "Mechanics' Winter TNM; 30/90, SD/30"]
[Site "San Francisco"]
[Date "2015.01.20"]
[Round "3.39"]
[White "Cole, Tony"]
[Black "Nelson, Christopher"]
[Result "0-1"]
[WhiteElo "1400"]
[BlackElo "1665"]
[PlyCount "56"]
[EventDate "2015.??.??"]

1. e4 e5 2. Nf3 Nc6 3. Nc3 Nf6 4. Bc4 Bc5 5. h3 O-O 6. d3 d6 7. Bg5 h6 8. Bh4
Be6 9. Nd5 Bxd5 10. Bxd5 Rb8 11. Qd2 Qe7 12. O-O-O Nd8 13. g4 Ne6 14. Rdg1 Nd4
15. Nxd4 Bxd4 16. g5 Nxd5 17. exd5 h5 18. Rh2 g6 19. Rg3 e4 20. dxe4 Qxe4 21.
f4 Rbe8 22. Kd1 Be3 23. Qd3 Qxd3+ 24. cxd3 Bxf4 25. Rc2 Bxg3 26. Bxg3 Re3 27.
Bf4 Rxd3+ 28. Rd2 Rxd2+ 0-1

[Event "Mechanics' Fall TNM; G/2"]
[Site "San Francisco"]
[Date "2015.12.15"]
[Round "9.2"]
[White "Critelli, James Ma"]
[Black "Basak, Aniruddha"]
[Result "1-0"]
[WhiteElo "2376"]
[BlackElo "2167"]
[PlyCount "51"]
[EventDate "2015.??.??"]

1. e4 c5 2. b3 Nc6 3. Bb2 Nf6 4. Nc3 g6 5. f4 d6 6. Bb5 Bg7 7. Bxc6+ bxc6 8.
Qe2 O-O 9. O-O-O a5 10. a4 Ba6 11. d3 Bh6 12. Qf3 e5 13. g3 Bc8 14. Nge2 Nh5
15. Kb1 exf4 16. gxf4 f5 17. exf5 Rxf5 18. Ng3 Nxg3 19. hxg3 Bf8 20. Qxc6 Rb8
21. Qg2 Bb7 22. Ne4 d5 23. Qh3 h6 24. Qg4 Kh7 25. Nxc5 Bc8 26. d4 {
and White in another ten moves. Remaining moves unavailable.} 1-0

[Event "Mechanics' Leighton Allen TNM; G/2"]
[Site "San Francisco"]
[Date "2015.09.01"]
[Round "5.1"]
[White "Critelli, James Ma"]
[Black "Byambaa, Uyanga"]
[Result "0-1"]
[WhiteElo "2376"]
[BlackElo "2195"]
[Annotator "Donaldson"]
[PlyCount "52"]
[EventDate "2015.??.??"]

1. e4 c5 2. d4 cxd4 3. c3 dxc3 4. Nxc3 Nc6 5. Nf3 d6 6. Bc4 a6 7. O-O Nf6 8.
Bf4 Bg4 9. h3 Bh5 10. Qb3 b5 {Diagram #} 11. Nxb5 e5 {Forced as} (11... axb5
12. Bxb5 Rc8 13. Nd4 $18 {wins for White.}) 12. Be3 Na5 13. Qa4 axb5 14. Bxb5+
Ke7 (14... Nd7) 15. Nxe5 $5 (15. Nh4 g6 16. Rac1 {with compensation for the
piece in a murky position. The text is much more to the point - attack!}) 15...
dxe5 16. f4 Nd7 17. g4 (17. fxe5 $1) 17... Nb7 18. Qb3 exf4 19. gxh5 Nd6 20.
Rxf4 Ke8 21. Qd5 $1 Ra5 22. a4 (22. Bxd7+ Kxd7 23. Rxf7+ Be7 24. Bc5 {
should win.}) 22... Qa8 23. Bxd7+ $2 (23. b4 Qxd5 24. exd5 Ra8 25. Bc6 {
looks quite promising.}) 23... Kxd7 24. Qd4 (24. Rxf7+ Be7 {
is no longer so promising for White.}) 24... Be7 25. e5 $4 (25. Rd1) 25... Rd5
$1 26. Qc3 Rc8 0-1

[Event "Mechanics' Leighton Allen TNM; G/2"]
[Site "San Francisco"]
[Date "2015.08.04"]
[Round "1.1"]
[White "Critelli, James Ma"]
[Black "Campers Jr, Willie"]
[Result "1-0"]
[WhiteElo "2376"]
[BlackElo "1760"]
[PlyCount "49"]
[EventDate "2015.??.??"]

1. e4 c5 2. Nf3 d6 3. d4 cxd4 4. Nxd4 Nc6 5. Nc3 a6 6. f4 Nf6 7. Nb3 Qb6 8. Qf3
Bg4 9. Qg3 e5 10. f5 Nd4 11. Bd3 Be7 12. Bg5 Bh5 13. Qh4 Bf3 14. Kf1 O-O-O 15.
Bxf6 Bxf6 16. Qh3 Bh5 17. Nd5 Qc6 18. Nxd4 exd4 19. Qxh5 Rd7 20. a4 Bd8 21. b4
g6 22. Qh3 Kb8 23. b5 Qc5 24. fxg6 Rc7 25. g7 1-0

[Event "Mechanics' Fall TNM; G/2"]
[Site "San Francisco"]
[Date "2015.10.27"]
[Round "2.1"]
[White "Critelli, James Ma"]
[Black "Grey, Peter G"]
[Result "1-0"]
[WhiteElo "2376"]
[BlackElo "2000"]
[PlyCount "91"]
[EventDate "2015.??.??"]

1. e4 e5 2. Nf3 Nc6 3. Bb5 a6 4. Ba4 Nf6 5. Qe2 b5 6. Bb3 Bc5 7. O-O O-O 8. c3
d6 9. d3 h6 10. Be3 Bxe3 11. fxe3 Na5 12. Bc2 c5 13. Nbd2 Bb7 14. Qe1 Nc6 15.
c4 Ne7 16. Nh4 Kh7 17. h3 Nfg8 18. g4 Ng6 19. Nf5 N8e7 20. Qg3 f6 21. Kh2 Nh8
22. h4 Nf7 23. Rf2 Ng8 24. Qg2 Bc8 25. Bd1 Be6 26. Kg1 Qd7 27. Qf3 Ne7 28. b3
Ng8 29. Be2 Ne7 30. Raf1 Ng8 31. Rg2 Ne7 32. Nb1 b4 33. Nd2 Ng8 34. Ng3 a5 35.
Bd1 Qe7 36. Nh5 Qd7 37. Bc2 Qe7 38. Bd1 Qd7 39. Kh2 Qe7 40. Qf2 Qd7 41. d4 Qe7
42. Ng3 Qd7 43. d5 Bxg4 44. Bxg4 Qxg4 45. Nf5 Qh5 46. Nxg7 1-0

[Event "Mechanics' Leighton Allen TNM; G/2"]
[Site "San Francisco"]
[Date "2015.09.08"]
[Round "6.2"]
[White "Critelli, James Ma"]
[Black "Grey, Peter G"]
[Result "1-0"]
[WhiteElo "2376"]
[BlackElo "2000"]
[Annotator "Donaldson"]
[PlyCount "55"]
[EventDate "2015.??.??"]

1. e4 e5 2. Nf3 Nc6 3. Bb5 a6 4. Ba4 Nf6 5. O-O Nxe4 6. d4 b5 7. Bb3 d5 8. dxe5
Be6 9. c3 Bc5 10. Bf4 g5 11. Bc1 g4 12. Nd4 Nxe5 13. a4 bxa4 14. Rxa4 h5 15.
Be3 Bb6 16. Qe2 Qc8 $2 (16... Qf6) (16... O-O) 17. Nxe6 fxe6 {Diagram #} 18.
Rxe4 $1 dxe4 19. Bd4 (19. Bxb6 cxb6 20. Qxe4 Qb8 21. Re1 Rh6 22. Nd2 $18) 19...
Bxd4 20. cxd4 Nf7 21. Qxe4 Rh6 22. d5 e5 23. f4 gxf3 24. Qxf3 Rh7 25. d6 Nxd6
26. Qc6+ Ke7 27. Nc3 Qb7 28. Nd5+ 1-0

[Event "Mechanics' Leighton Allen TNM; G/2"]
[Site "San Francisco"]
[Date "2015.09.22"]
[Round "8.3"]
[White "Critelli, James Ma"]
[Black "Hakobyan, Sos"]
[Result "1-0"]
[WhiteElo "2376"]
[BlackElo "1848"]
[PlyCount "45"]
[EventDate "2015.??.??"]

1. e4 e6 2. d4 d5 3. Nd2 Nf6 4. e5 Nfd7 5. f4 c5 6. Ngf3 Nc6 7. Nb3 cxd4 8.
Nbxd4 Be7 9. c3 Bh4+ 10. g3 Be7 11. Bd3 h6 12. O-O Qb6 13. Be3 Nxd4 14. Nxd4
Bc5 15. b4 Bxd4 16. Bxd4 Qd8 17. f5 exf5 18. e6 fxe6 19. Bxf5 Nf6 20. Bg6+ Ke7
21. c4 b6 22. c5 Rf8 23. Be5 {White soon won. Remaining moves unavailable.} 1-0

[Event "Mechanics' Leighton Allen TNM; G/2"]
[Site "San Francisco"]
[Date "2015.08.18"]
[Round "3.1"]
[White "Critelli, James Ma"]
[Black "Kokesh, Tim"]
[Result "1-0"]
[WhiteElo "2376"]
[BlackElo "2052"]
[PlyCount "51"]
[EventDate "2015.??.??"]

1. e4 e6 2. d4 d5 3. Nd2 Nf6 4. e5 Nfd7 5. f4 c5 6. Ngf3 Nc6 7. c3 Be7 8. Be2
O-O 9. O-O a5 10. a4 f6 11. Nb3 cxd4 12. Nbxd4 Nc5 13. exf6 Bxf6 14. Be3 Qe7
15. Bd3 Rd8 16. Bc2 Bd7 17. Qb1 h6 18. Re1 Be8 19. Bf2 Bf7 20. Re2 Qd6 21. Nb5
Qxf4 $2 22. Bxc5 Qc4 23. Bb6 Qxe2 24. Bd3 Bg6 25. Bxe2 Bxb1 26. Bxd8 1-0

[Event "Mechanics' Fall TNM; G/2"]
[Site "San Francisco"]
[Date "2015.11.10"]
[Round "4.1"]
[White "Critelli, James Ma"]
[Black "Pan, Hongkai"]
[Result "1-0"]
[WhiteElo "2376"]
[BlackElo "2091"]
[PlyCount "71"]
[EventDate "2015.??.??"]

1. e4 e5 2. Nf3 Nc6 3. Bb5 a6 4. Ba4 Nf6 5. Qe2 b5 6. Bb3 d6 7. c3 Bg4 8. h3
Bh5 9. d3 Be7 10. Nbd2 Na5 11. Bc2 O-O 12. g4 Bg6 13. Nh4 d5 14. Nf5 dxe4 15.
Nxe7+ Qxe7 16. dxe4 Nd5 17. Nb3 Nf4 18. Bxf4 Nxb3 19. axb3 exf4 20. O-O-O f5
21. gxf5 Rxf5 22. Qd2 Rff8 23. f3 Rad8 24. Qf2 c5 25. h4 Bh5 26. Rhg1 h6 27.
Kb1 c4 28. Qb6 Bxf3 29. Rxd8 Rxd8 30. e5 cxb3 31. Bxb3+ Kh8 32. Bc2 Bd5 33. Rd1
Rd7 34. Rxd5 Rxd5 35. Qg6 Kg8 36. Bb3 1-0

[Event "Mechanics' Fall TNM; G/2"]
[Site "San Francisco"]
[Date "2015.12.01"]
[Round "7.1"]
[White "Critelli, James Ma"]
[Black "Stearman, Josiah P"]
[Result "1-0"]
[WhiteElo "2376"]
[BlackElo "2137"]
[PlyCount "55"]
[EventDate "2015.??.??"]

1. e4 c5 2. b3 Nc6 3. Bb2 e5 4. Nc3 d6 5. g3 f5 6. exf5 Bxf5 7. Bg2 Nf6 8. Nge2
d5 9. d3 Qd6 10. Qd2 O-O-O 11. f4 a6 12. fxe5 Nxe5 13. d4 Nc6 14. O-O Be6 15.
dxc5 Qxc5+ 16. Kh1 Be7 17. Rad1 Ne4 18. Qe1 Rhe8 19. Nf4 Bg4 20. Rxd5 Rxd5 21.
Nfxd5 Nd6 22. Qd2 Bd8 23. Na4 Qa7 24. Qf4 Bd7 25. Qxd6 Re6 26. Qc5 Qxc5 27.
Nxc5 Re2 28. Nxd7 {and White won shortly.} 1-0

[Event "Mechanics' Fall TNM; G/2"]
[Site "San Francisco"]
[Date "2015.11.24"]
[Round "6.1"]
[White "Critelli, James Ma"]
[Black "Tsodikova, Natalya"]
[Result "1/2-1/2"]
[WhiteElo "2376"]
[BlackElo "2164"]
[Annotator "Donaldson"]
[PlyCount "36"]
[EventDate "2015.??.??"]

1. e4 e5 2. Nf3 Nc6 3. Bb5 f5 4. d4 fxe4 5. Nxe5 Nxe5 6. dxe5 c6 7. Bc4 Qa5+ 8.
c3 Qxe5 9. Bxg8 Rxg8 10. Qb3 d5 11. Be3 Bd6 12. Nd2 Qe7 13. O-O-O Be6 14. Qc2
Bc5 (14... O-O-O 15. Bxa7) (14... Rf8 $1 15. f3 (15. Kb1 Bc5) 15... exf3 16.
Nxf3 Bf5 17. Qd2 Qe4) 15. Bxc5 Qxc5 16. f3 O-O-O (16... exf3 17. Rhe1) 17. fxe4
dxe4 (17... Rgf8) 18. Nxe4 Qa5 1/2-1/2

[Event "Mechanics' Leighton Allen TNM; G/2"]
[Site "San Francisco"]
[Date "2015.09.15"]
[Round "7.24"]
[White "Delaney, Will Fred"]
[Black "Casares Jr, Nick"]
[Result "1-0"]
[WhiteElo "1800"]
[BlackElo "1600"]
[PlyCount "39"]
[EventDate "2015.??.??"]

1. d4 d5 2. Nf3 Bf5 3. c3 Nd7 4. Bf4 Ngf6 5. Nbd2 e6 6. Qb3 b6 7. e3 c5 8. Ba6
c4 9. Qa4 b5 10. Bxb5 Qb6 11. Ne5 Rd8 12. Ndf3 Bd6 13. Nxd7 Nxd7 14. Bxd6 Qxd6
15. Ne5 O-O 16. Nxd7 Rxd7 17. Bxd7 Rd8 18. Bb5 Bd3 19. Qxa7 Rb8 20. a4 1-0

[Event "Mechanics' Summer TNM; G/2"]
[Site "San Francisco"]
[Date "2015.06.30"]
[Round "6.27"]
[White "Delaney, Will Fred"]
[Black "Chan, John"]
[Result "1-0"]
[WhiteElo "1800"]
[BlackElo "1552"]
[PlyCount "77"]
[EventDate "2015.??.??"]

1. Nf3 Nc6 2. d4 d5 3. Bf4 Nf6 4. Nbd2 h6 5. e3 Bf5 6. c3 a6 7. Be2 g5 8. Bg3
Bg7 9. Ne5 e6 10. Nxc6 bxc6 11. Qa4 Qd7 12. Nf3 Nh7 13. Ne5 Bxe5 14. Bxe5 f6
15. Bg3 O-O 16. c4 Rfb8 17. b3 a5 18. Rc1 Rb4 19. Qa3 Bg6 20. cxd5 exd5 21. Rc5
h5 22. h3 Qf5 23. O-O Qd7 24. Rfc1 Rb6 25. Rxa5 Rab8 26. Ra7 R6b7 27. Rxb7 Rxb7
28. Qa8+ Kg7 29. Qxb7 Kh6 30. Rxc6 Qf5 31. Rc1 h4 32. Bxc7 Qe4 33. Bf3 Qd3 34.
Qxd5 Qd2 35. Qc4 Qxa2 36. d5 Qd2 37. Rd1 Qb2 38. d6 Bc2 39. d7 1-0